COMPILER DESIGN (Record no. 216817)

MARC details
000 -LEADER
fixed length control field 00452nam a22001577a 4500
008 - FIXED-LENGTH DATA ELEMENTS--GENERAL INFORMATION
fixed length control field 260309b |||||||| |||| 00| 0 eng d
020 ## - INTERNATIONAL STANDARD BOOK NUMBER
International Standard Book Number 978-0-6971-7086-6
100 ## - MAIN ENTRY--PERSONAL NAME
Personal name BERGMANN, SETH D.
245 ## - TITLE STATEMENT
Title COMPILER DESIGN
Remainder of title THEORY, TOOLS AND EXAMPLES
260 ## - PUBLICATION, DISTRIBUTION, ETC.
Place of publication, distribution, etc. EDINBURGH
Name of publisher, distributor, etc. EDINBURGH UNIVERSITY PRESS
Date of publication, distribution, etc. 1994
300 ## - PHYSICAL DESCRIPTION
Extent V, 308P.
500 ## - GENERAL NOTE
General note INCLUDES INDEX
650 ## - SUBJECT ADDED ENTRY
Topical term or geographic name entry element COMPILERS (COMPUTER PROGRAM)
942 ## - ADDED ENTRY ELEMENTS (KOHA)
Source of classification or shelving scheme Library of Congress Classification
Koha item type Long Loan Book
Holdings
Withdrawn status Lost status Source of classification or shelving scheme Damaged status Not for loan Collection Home library Current library Shelving location Date acquired Inventory number Total checkouts Full call number Barcode Date last seen Copy number Price effective from Koha item type
    Library of Congress Classification     Science & Technology Kisii University Library Kisii University Library On Display 03/09/2026 111804   QA 76 .76 .C65 B47 1994 A000473 03/09/2026 3 03/09/2026 Long Loan Book
    Library of Congress Classification     Science & Technology Kisii University Library Kisii University Library On Display 03/09/2026 111803   QA 76 .76 .C65 B47 1994 A000474 03/09/2026 2 03/09/2026 Long Loan Book
    Library of Congress Classification     Science & Technology Kisii University Library Kisii University Library On Display 03/09/2026 111802   QA 76 .76 .C65 B47 1994 A000481 03/09/2026 1 03/09/2026 Long Loan Book